Language Quiz

Random Language Quiz

Timeline of Child Language Acquisition Quiz Stats

 Plays Quiz not verified by Sporcle

Challenge
Share
Tweet
Embed
Score 0/13 Timer 05:00
0 Plays Today
Feature of Acquisition Age % Correct
By which age that children learn, on average, 22 new words a month.1 year
76%
By which age that children produce, on average, 20,000 words a day2 years
72.9%
Naming Things3-6 months
63.5%
Melodic Utterances12-18 months
55.2%
Holophrastic12-18 months
55.2%
Two Word Stage18-24 months
52.1%
Basic Biological Noises0-8 weeks
49%
Giving Opinions2-3 years
44.8%
Telegraphic Stage24-36 months
39.6%
Post Telegraphic36 months +
30.2%
Cooing and Laughing8-20 weeks
25%
Vocal Play20-30 weeks
18.8%
Babbling25-50 weeks
13.5%

You're not logged in!

Compare scores with friends on all Sporcle quizzes.
Join for Free
OR
Log In

You Might Also Like...

Show Comments

Extras

Created May 20, 2010ReportNominate
Tags:acquisition, age, child, feature, timeline

Top Quizzes Today


Score Distribution

Your Account Isn't Verified!

In order to create a playlist on Sporcle, you need to verify the email address you used during registration. Go to your Sporcle Settings to finish the process.

Report this User

Report this user for behavior that violates our Community Guidelines.

Details: